00386pab a2200145 454500008004000000100002900040245006900069260000900138300001500147362001200162650002000174650001200194700001700206773001700223180718b2013 xxu||||| |||| 00| 0 eng d aChoudhary, Shubham Kumar aA review on online travel and tourism industry in Indian content c2013 ap.303-310. aJan-Mar aTourism - India aTourism aSachan, Amit aProductivity